000
00317nam a2200133Ia 4500
005
20260328104334.0
008
260328s9999||||xx |||||||||||||| ||und||
100
_a
Minguet, Josep Maria
245
0
_a
Prefab Design /
_c
Josep Maria Minguet
260
_b
Monsa
300
_a
255 p.
650
_a
VIVIENDA
942
_c
BK
999
_c
11825
_d
11825